header

Music in Renaissance Ferrara, 1400-1505 (Record no. 998)

MARC details
000 -LEADER
fixed length control field 01403nam a2200313Ia 4500
100 1# - MAIN ENTRY--AUTHOR NAME
Personal name Lockwood, Lewis.
245 10 - TITLE STATEMENT
Title Music in Renaissance Ferrara, 1400-1505
250 ## - EDITION STATEMENT
Edition statement Pbk. ed.
260 ## - PUBLICATION, DISTRIBUTION, ETC. (IMPRINT)
Place of publication Oxford ;
-- New York :
Name of publisher Oxford University Press,
Year of publication 2009.
300 ## - PHYSICAL DESCRIPTION
Number of Pages xxvii, 393 p., [9] p. of plates :
Other physical details ill., map, music.
500 ## - GENERAL NOTE
General note Originally published : Cambridge, Mass. : Harvard University Press, 1984. With a new preface.
650 #0 - SUBJECT ADDED ENTRY--TOPICAL TERM
Topical Term Music
Topical Term Musicians
856 40 - ELECTRONIC LOCATION AND ACCESS
Uniform Resource Identifier http://site.ebrary.com/lib/rucke/Doc?id=10288332

No items available.

© 2026 Rongo University
Contact us: librarian | system librarian | Rongo university